Solid waste management / (Record no. 38300)

MARC details
000 -LEADER
fixed length control field 00883nam a22002417a 4500
005 - DATE AND TIME OF LATEST TRANSACTION
control field 20100730152317.0
010 ## - LCCN (DPL NO)
LC control number ENG-97175
020 ## - INTERNATIONAL STANDARD BOOK NUMBER
International Standard Book Number 9788172112783
Terms of availability 190.00
020 ## - INTERNATIONAL STANDARD BOOK NUMBER
International Standard Book Number 8172112785
Terms of availability 190.00
035 ## - SYSTEM CONTROL NUMBER
System control number EN-80708
037 ## - SOURCE OF ACQUISITION
Source of stock number/acquisition DBAD/PUB
082 ## - DEWEY DECIMAL CLASSIFICATION NUMBER
Classification number 628.44
100 ## - MAIN ENTRY--PERSONAL NAME
Personal name Surendra Kumar
245 ## - TITLE STATEMENT
Title Solid waste management /
Statement of responsibility, etc by Surendra Kumar
260 ## - PUBLICATION, DISTRIBUTION, ETC. (IMPRINT)
Place of publication, distribution, etc New Delhi
Name of publisher, distributor, etc Northern Book Centre
Date of publication, distribution, etc (200?)
270 ## - ADDRESS
Address 4221/1, Ansari Road, Daryaganj
City New Delhi
Postal code 110002
300 ## - PHYSICAL DESCRIPTION
Extent x, 57p.
Dimensions 22cm (Hb)
500 ## - GENERAL NOTE
General note Includes bibliography and index
650 ## - SUBJECT ADDED ENTRY--TOPICAL TERM
Topical term or geographic name as entry element Refuse and refuse disposal
Geographic subdivision Delhi, India
650 ## - SUBJECT ADDED ENTRY--TOPICAL TERM
Topical term or geographic name as entry element Factor and Trade Waste
Geographic subdivision Delhi, India
942 ## - ADDED ENTRY ELEMENTS (KOHA)
Source of classification or shelving scheme Dewey Decimal Classification
Item type English Books
Classification part 628.44
Call number suffix SUR
Holdings
Withdrawn status Lost status Not for loan Collection code Home library Current library Date acquired Source of acquisition Cost, normal purchase price Full call number Barcode Copy number Cost, replacement price Koha item type
    Not For Loan Non-fiction D.B.Act.Division D.B.Act.Division 30/07/2010 DBAD/PUB 190.00 628.44 SUR EN-80708 1 190.00 English Books

© Delhi Public Library
Hit Counter
free hit counter